000 01020nam a2200217Ia 4500
003 Ost
005 20260507075027.0
008 260507s9999||||xx |||||||||||||| ||und||
040 _cfsecg
041 _aara
082 _a330
100 _aالعمروسي، أنور
_eمؤلف
245 0 _aحوالة الحق وحوالة الدين في القانون المدني :
_bمعلقا على النصوص بالفقه وقضاء النقض /
_c أنور العمروسي
260 _aالإسكندرية:
_bدار الفكر الجامعي,
_c2003
300 _a124 صفحة؛
_bإيضاحات ؛
_c24 سم
520 _aالنصوص القانونية في حوالة الحق معلقا عليها وأحكامها العامة وحوالة الحق في القضاء النقض- النصوص القانونية في حوالة الدين في قضاء النقض
653 _aالفقه الاسلامي
653 _aالقانون المدني
653 _aالقضاء المدني
942 _cكتاب
999 _c42345
_d42345